000 00590nam a22002177a 4500
003 UA-OsUOA
001 65450
007 ta
008 20091124b un ||||| |||| 00| 0 ukr d
100 _aЗуев В.
090 _a330
_bЗ-93
942 _cSA
040 _aUA-OsUOA
_brus
_cUA-OsUOA
_dUA-OsUOA
245 _aАнтикризисная политика Евросоюза
300 _aС.5-14
955 _a0
041 _arus
080 _a330
773 0 _w65449
_tМеждународная экономика
_dМ.
_d2009
_g10
650 7 _a330 Економіка взагалі
_2UDC
999 _c352620
_d352620